Escudos de la Liga Catamarqueña de fútbol - Estadísticas

Estadísticas generales
  • Esta prueba ha sido intentada 11 veces
  • La puntuación promedio es 6 de 14
Estadísticas de respuestas
Imagen Respuesta % Correcto
Chacarita de Catamarca
100%
Vélez Sarsfield de Catamarca
100%
San Lorenzo de Alem
83%
Atlético Policial
67%
Independiente de Huillapima
67%
Villa Cubas
67%
Independiente de Catamarca
33%
Américo Tesorieri de Catamarca
17%
Estudiantes de La Tablada
17%
Defensores del Norte
0%
El Auténtico
0%
Ferrocarriles del Estado de Chumbicha
0%
Juventud Unida de Santa Rosa
0%
Salta Central
0%
No se encontraron pruebas coincidentes
Distribución de puntuación
Porcentaje de gente con cada puntuación
Porcentaje por número respondido
Historial de tus puntuaciones
No has intentado esta prueba.